Vzájomné zamestnávanie medzi manželmi

Vzájomná vyživovacia povinnosť medzi manželmi. Bezpodielové spoluvlastníctvo. Bezpodielové spoluvlastníctvo manželov vo vzťahu k výkonu podnikateľskej činnosti jedného z nich. Pracovnoprávny vzťah medzi manželmi. Nevýhoda vzájomného zamestnávania. Možnosť zvoliť aj inú formu spoločnej zárobkovej čin...

ver descrição completa

Na minha lista:
Detalhes bibliográficos
Autor principal: Kaveschánová, Silvia
Formato: Capítulo de Livro
Idioma:eslovaco
Assuntos:
Tags: Adicionar Tag
Sem tags, seja o primeiro a adicionar uma tag!

MARC

LEADER 00000naa$a2200000$$$4500
001 0058937
005 20240502071646.5
041 0 |a slo 
044 |a SK 
245 1 0 |a Vzájomné zamestnávanie medzi manželmi  |c Silvia Kaveschánová 
520 |a Vzájomná vyživovacia povinnosť medzi manželmi. Bezpodielové spoluvlastníctvo. Bezpodielové spoluvlastníctvo manželov vo vzťahu k výkonu podnikateľskej činnosti jedného z nich. Pracovnoprávny vzťah medzi manželmi. Nevýhoda vzájomného zamestnávania. Možnosť zvoliť aj inú formu spoločnej zárobkovej činnosti manželov. 
610 2 0 |a manželstvo 
610 2 0 |a povinnosť vyživovacia 
610 2 0 |a zamestnanie 
610 2 0 |a vzťahy pracovnoprávne 
610 2 0 |a spoluvlastníctvo 
610 2 0 |a podnikanie rodinné 
610 2 0 |a úpravy právne 
100 1 |a Kaveschánová, Silvia